000 00792nab a22002417a 4500
001 07498
003 HDC
007 cr bn ---aaaaa
008 210128c20141015my ||||| |||| 00| 0 may d
040 _aHDC
100 _aZunaidah Zainon,
_eauthor
_97610
245 0 _aKerajaan perlu wujudkan kembali MeCD /
_cZunaidah Zainon.
336 _atext
_2rdacontent
337 _acomputer
_2rdamedia
338 _aonline resource
_2rdacarrier
650 _aEntrepreneurship
_9209
650 _aGovernment aid to small business
_97631
710 _aUtusan Malaysia
856 _zRequest full-text at [email protected]
942 _2lcc
942 _cNEWS
942 _kNWSC 001997
999 _c4821
_d4821